Souverains de Westeros connus - Statistiques

Statistiques générales
  • Ce quiz a été pris 56 fois
  • Le résultat moyen est 17 sur 22
Statistiques - réponses
Souverains de Westeros % Correct
Aegon I, le Conquérant
96%
Aegon II, l'Usurpateur
91%
Aegon III, le Fléau des Dragons
89%
Aerys I
89%
Aegon IV, l'Indigne
87%
Aerys II, le Roi Fou
87%
Aegon V, l'Invraisemblance
83%
Brandon I, le Rompu
83%
Cersei I, la Lionne
83%
Joffrey I
83%
Robert I, l'Usurpateur
83%
Tommen I
83%
Viserys I, le Jeune roi
81%
Daenerys I, la Mère des Dragons
79%
Viserys II
79%
Jaehaerys I, le Conciliateur
72%
Maegor I, Le Cruel
70%
Maekar I
68%
Aenys I
64%
Daeron I, le Jeune Dragon
60%
Baelor I, le Bienheureux
57%
Daeron II, le Bon
55%
Aucun quiz correspondant
Distribution des résultats
% des personnes avec chaque résultat
Percentile par nombre de réponses
Votre historique - résultats
Vous n’avez pas pris ce quiz